000 00540nam a22001937a 4500
005 20251108164208.0
008 250721s1984 xx 000 0 ara d
082 1 4 _a215.23/احم
100 1 _aصبحي، أحمد محمود
245 1 0 _aالزيدية /
250 _aط2.
264 1 _aالقاهرة :
_bالزهراء للإعلام العربي،
_c1984.
300 _a607ص.
490 0 _aفي علم الكلام
650 1 7 _aالفرق الإسلامية
650 1 7 _aالزيدية
942 _2ddc
_cBK
999 _c6071
_d6071